00960 a2200229 4500003000500000005001700005010001600022020002100038040000900059082000800068100002800076245009300104250001200197260003700209300004000246505028500286538003200571650005000603650002400653650002100677700003200698Nust20170207153314.0 a 87018633 a0070799466 (set) cNust00a5311 aBeer, Ferdinand Pierre,10aVector mechanics for engineers /cFerdinand P. Beer, E. Russell Johnston, Jr.bstatics / a5th ed. aNew York :bMcGraw-Hill,cc1988- axx,474pbill. (some col.) ;c24 cm. aIntroduction (Page-1), Statics Of Particles (Page-16), Rigid Bodies (Page-59), Equilibrium Of Rigid Bodies (Page-122), Distributed Forces (Page-166), Analysis Of Structures (Page-213), Forces In Beams And Cables (Page-266), Friction (Page-304), Method Of Virtual Work (Page-405). aAlmirah No.16and Shelf No.4 0aMechanics, AppliedxProblems, exercises, etc. 0aMechanics, Applied. 0aVector analysis.1 aJohnston, E. Russelld1925-